000 00331 a2200157 4500
001 179387
020 _a
040 _cMagnum
100 _aJunqueira, Sonia
240 1 0 _aSeu jose perdeu o bone
_lpor
245 1 0 _aSeu jose perdeu o bone
362 0 _a1899
440 1 _aModerna
697 _aMAGNITO: IJ/GERAL
942 _cBK
999 _c179387
_d179387